书目信息 |
| 题名: |
马克思世界史观
|
|
| 作者: | 黄皖毅 著 | |
| 分册: | ||
| 出版信息: | 北京 知识产权出版社 2008 |
|
| 页数: | 23,293页 | |
| 开本: | 21cm | |
| 丛书名: | ||
| 单 册: | ||
| 中图分类: | A811.692 | |
| 科图分类: | ||
| 主题词: | 马克思主义 , 马克思主义--世界史--史学理论--研究 , 史学理论 , 世界史 , 马恩著作--学习 , 马恩著作研究 | |
| 电子资源: | ||
| ISBN: | 978-7-80247-045-3 | |
| 000 | 01135nam0 2200313 450 | |
| 001 | 0961297284 | |
| 005 | 20090929160435.25 | |
| 010 | @a978-7-80247-045-3@dCNY28.00 | |
| 100 | @a20080901d2008 kemy0chiy50 ea | |
| 101 | 0 | @achi |
| 102 | @aCN@b110000 | |
| 105 | @ay z 000yy | |
| 106 | @ar | |
| 200 | 1 | @a马克思世界史观@e文本、前沿与反思@f黄皖毅著@Ama ke si shi jie shi guan wen ben qian yan yu fan si |
| 210 | @a北京@c知识产权出版社@d2008 | |
| 215 | @a23,293页@d21cm | |
| 300 | @a中国青年政治学院学术著作出版基金资助出版 | |
| 300 | @a博士文库 哲学类 | |
| 330 | @a本书力图使马克思世界历史理论与全球化的前沿问题相结合,在马恩经典著作的基础上,对于现代全球化的经济、政治、文化三个维度及其相互关系进行了深入地探讨,提出并倡导了中国文化应对全球化大潮的马克思主义文化创新理论。 | |
| 606 | 0 | @a马克思主义 |
| 606 | 0 | @a马克思主义@x世界史@x史学理论@x研究 |
| 606 | 0 | @a史学理论 |
| 606 | 0 | @a世界史 |
| 606 | 0 | @a马恩著作@x学习 |
| 606 | 0 | @a马恩著作研究 |
| 690 | @aA811.692@v4 | |
| 701 | 0 | @a黄皖毅@c(女,@f1975~)@4著@Ahuang wan yi |
| 801 | 0 | @aCN@b110019@c20080721 |
| 905 | @a10447@dA811.692@eJY35 | |
| 马克思世界史观:文本、前沿与反思/黄皖毅著.-北京:知识产权出版社,2008 |
| 23,293页;21cm |
| 中国青年政治学院学术著作出版基金资助出版.-博士文库 哲学类 |
| ISBN 978-7-80247-045-3:CNY28.00 |
| 本书力图使马克思世界历史理论与全球化的前沿问题相结合,在马恩经典著作的基础上,对于现代全球化的经济、政治、文化三个维度及其相互关系进行了深入地探讨,提出并倡导了中国文化应对全球化大潮的马克思主义文化创新理论。 |
| ● |
| 相关链接 |
|
|
|
|
正题名:马克思世界史观
索取号:A811.692/JY35
 
预约/预借
| 序号 | 登录号 | 条形码 | 馆藏地/架位号 | 状态 | 备注 |
| 1 | 7809526 | 278095268 | 学院路分馆/ [索取号:A811.692/JY35] | 在馆 | |
| 2 | 7809527 | 278095277 | 学院路分馆/ [索取号:A811.692/JY35] | 在馆 | |
| 3 | 7809528 | 278095286 | 学院路分馆/ [索取号:A811.692/JY35] | 在馆 |